Image recognition and identification system on AWS / (Record no. 231035)

MARC details
000 -LEADER
fixed length control field 00622nam a22001817a 4500
003 - CONTROL NUMBER IDENTIFIER
control field OSt
005 - DATE AND TIME OF LATEST TRANSACTION
control field 20240604155628.0
008 - FIXED-LENGTH DATA ELEMENTS--GENERAL INFORMATION
fixed length control field 240604b ||||| |||| 00| 0 eng d
040 ## - CATALOGING SOURCE
Transcribing agency AIMIT LIBRARY
100 ## - MAIN ENTRY--PERSONAL NAME
Personal name Yallapur, Semiulla.
Relator term 202030
9 (RLIN) 169245
245 ## - TITLE STATEMENT
Title Image recognition and identification system on AWS /
Statement of responsibility, etc. By Semiulla Yallapur ; Guided by Vanitha T and Ramesh Srini.
260 ## - PUBLICATION, DISTRIBUTION, ETC.
Place of publication, distribution, etc. Mangalore
Date of publication, distribution, etc. 2022
650 ## - SUBJECT ADDED ENTRY--TOPICAL TERM
Topical term or geographic name entry element Result analysis and discussion
9 (RLIN) 169246
700 ## - ADDED ENTRY--PERSONAL NAME
Personal name T, Vanitha.
Relator term Guide
9 (RLIN) 169247
700 ## - ADDED ENTRY--PERSONAL NAME
Personal name Srinivasan, Ramesh
9 (RLIN) 169248
856 ## - ELECTRONIC LOCATION AND ACCESS
Materials specified Tata Consultancy Services.
Link text www.tcs.com
942 ## - ADDED ENTRY ELEMENTS (KOHA)
Source of classification or shelving scheme Dewey Decimal Classification
Koha item type Project Report
Holdings
Withdrawn status Lost status Source of classification or shelving scheme Damaged status Not for loan Collection code Home library Current library Shelving location Date acquired Total Checkouts Barcode Date last seen Copy number Price effective from Koha item type
    Dewey Decimal Classification   Not for loan Project Report M.Sc. Big Data Analytics St Aloysius Institute of Management & Information Technology St Aloysius Institute of Management & Information Technology Dissertations 06/04/2024   PBD00055 06/04/2024 202030 06/04/2024 Project Report